000 00735nam a2200205 i 4500
001 76069
003 ES-MaACL
005 20251010161533.0
007 t|
008 040929s1965 sp d |||| | spa d
100 1 _aGuerra, Pancho (
_d1909-1961)
_960521
245 1 0 _aContribución al léxico popular de Gran Canaria /
_cFrancisco Guerra Navarro ; prólogo de José Pérez Vidal ; epílogo de Miguel Santiago.
260 _aMadrid :
_bAsociación Peña Pancho Guerra,
_c1965.
300 _a808 p. ;
_c17 cm.
650 4 _aLengua española-
_zCanarias-
_vDiccionarios.
_9160935
700 1 _aSantiago, Miguel.
_9103385
700 1 _aPérez Vidal, José,
_d1907-1990
_9160934
852 _aES-MaACL
_jC-28390
999 _c76069
_d76069